[Event "Pardubice rapid op 34th"]
[Site "Pardubice"]
[Date "2023.07.20"]
[Round "6"]
[White "Juchelka, Petr"]
[Black "Markina, Sofiia"]
[Result "1-0"]
[WhiteElo "1691"]
[BlackElo "1584"]
[PlyCount "115"]
[EventDate "2023.07.19"]
[EventType "swiss (rapid)"]
[EventRounds "9"]
[EventCountry "CZE"]
[SourceTitle "CBM 215 Extra"]
[Source "ChessBase"]
[SourceDate "2023.09.30"]
[SourceVersion "1"]
[SourceVersionDate "2023.09.30"]
[SourceQuality "1"]

1. e4 c5 2. Nf3 e6 3. Bc4 d6 4. 0-0 Nf6 5. d3 Be7 6. Bg5 0-0 7. Re1 Nc6 8. c3 Na5 9. Bb5 a6 10. Ba4 b5 11. Bc2 Bb7 12. b4 Nc6 13. a3 Qc7 14. Nbd2 Rfd8 15. Qe2 a5 16. bxc5 dxc5 17. Red1 b4 18. c4 Nd4 19. Nxd4 Rxd4 20. Nb3 Rdd8 21. a4 Ne8 22. Bxe7 Qxe7 23. Qe3 Rdc8 24. Nd2 e5 25. Nf3 Nc7 26. Bb3 Ne6 27. Rab1 Nd4 28. Nxd4 exd4 29. Qg3 Rc6 30. Rf1 Rg6 31. Qf3 Rf8 32. Rbe1 Qg5 33. Qg3 Qd8 34. Qf4 f5 35. Qd2 fxe4 36. dxe4 Qh4 37. f3 Rh6 38. g3 Qh5 39. Bd1 Qe8 40. Qd3 Qe6 41. f4 Re8 42. Bf3 Ba6 43. Rc1 Rb8 44. e5 Bb7 45. Bxb7 Rxb7 46. Rce1 b3 47. f5 Qb6 48. e6 Rb8 49. Qe4 Rd8 50. g4 Qd6 51. Rf2 d3 52. g5 d2 53. Rd1 Rh5 54. f6 Rxg5+ 55. Kh1 gxf6 56. Rxf6 Qe7 57. Rf7 Qe8 58. Qxh7# 1-0

[Event "Pardubice rapid op 34th"]
[Site "Pardubice"]
[Date "2023.07.20"]
[Round "7"]
[White "Rous, Dominik"]
[Black "Juchelka, Petr"]
[Result "1-0"]
[WhiteElo "1581"]
[BlackElo "1691"]
[PlyCount "105"]
[EventDate "2023.07.19"]
[EventType "swiss (rapid)"]
[EventRounds "9"]
[EventCountry "CZE"]
[SourceTitle "CBM 215 Extra"]
[Source "ChessBase"]
[SourceDate "2023.09.30"]
[SourceVersion "1"]
[SourceVersionDate "2023.09.30"]
[SourceQuality "1"]

1. d4 d5 2. Nf3 Nf6 3. Bf4 e6 4. e3 Nc6 5. c3 Bd6 6. Bg3 0-0 7. Nbd2 a6 8. Bd3 Re8 9. Ne5 Ne7 10. f4 c5 11. Qc2 c4 12. Be2 Nf5 13. Bf2 b5 14. g4 Ne7 15. h4 b4 16. h5 Qb6 17. g5 b3 18. axb3 cxb3 19. Qxb3 Qxb3 20. Nxb3 Ne4 21. Nd2 Nxf2 22. Kxf2 Nf5 23. g6 fxg6 24. hxg6 h6 25. Bd3 Bxe5 26. Bxf5 exf5 27. dxe5 Re6 28. Rhg1 Rc6 29. Nf3 Rb8 30. Nd4 Rc5 31. Ra2 Kf8 32. Rxa6 Rxb2+ 33. Kf3 Rxc3 34. Ra8 Ke7 35. Ra7+ Rb7 36. Rxb7+ Bxb7 37. Nxf5+ Kf8 38. Nd4 Bc8 39. Ra1 h5 40. f5 Rc7 41. Rh1 Kg8 42. Rxh5 Ba6 43. Rh1 Bd3 44. Ra1 Be4+ 45. Kf4 Rc8 46. Ra7 Rf8 47. Ne6 Rxf5+ 48. Kg4 Rf8 49. Rxg7+ Kh8 50. Rh7+ Kg8 51. Nxf8 Kxf8 52. Kg5 Ke8 53. Kf6 1-0

[Event "Pardubice op rapid 30th"]
[Site "Pardubice"]
[Date "2019.07.17"]
[Round "3"]
[White "Mindl, Josef"]
[Black "Juchelka, Petr"]
[Result "1-0"]
[WhiteElo "1979"]
[BlackElo "1691"]
[PlyCount "60"]
[EventDate "2019.07.17"]
[EventType "swiss (rapid)"]
[EventRounds "9"]
[EventCountry "CZE"]
[SourceTitle "CBM 191 Extra"]
[Source "ChessBase"]
[SourceDate "2019.09.30"]
[SourceVersion "1"]
[SourceVersionDate "2019.09.30"]
[SourceQuality "1"]

1. e4 e5 2. Nf3 Nf6 3. d4 exd4 4. e5 Qe7 5. Be2 Nd5 6. 0-0 c5 7. c3 Nc6 8. cxd4 cxd4 9. Re1 Qe6 10. Nxd4 Nxd4 11. Qxd4 Nb6 12. Nc3 Be7 13. Nb5 Qc6 14. Bd2 0-0 15. Rac1 Qd5 16. Qe3 Bd8 17. a4 a6 18. Bf3 Qe6 19. Nd4 Qe7 20. a5 Na4 21. b3 Nc5 22. Nf5 Qe6 23. Qxc5 Qxf5 24. Be4 Qe6 25. Bd5 Qg6 26. b4 Rb8 27. Qa7 Qd3 28. Qxb8 Qxd2 29. Qd6 Qg5 30. Rxc8 Be7 1-0

[Event "Kouty nad Desnou op-B"]
[Site "Kouty nad Desnou"]
[Date "2012.03.10"]
[Round "1"]
[White "Gregor, Jiri3333"]
[Black "Juchelka, Petr"]
[Result "0-1"]
[WhiteElo "1475"]
[BlackElo "1794"]
[PlyCount "64"]
[EventDate "2012.03.10"]
[EventType "swiss"]
[EventRounds "9"]
[EventCountry "CZE"]
[SourceTitle "EXT 2013"]
[Source "ChessBase"]
[SourceDate "2012.11.22"]
[SourceVersion "1"]
[SourceVersionDate "2012.11.22"]
[SourceQuality "1"]

1. d4 d5 2. Nf3 e6 3. Bf4 Bd6 4. Bxd6 Qxd6 5. c3 Nf6 6. e3 0-0 7. Bd3 Nbd7 8. Nbd2 c5 9. 0-0 e5 10. dxe5 Nxe5 11. Nxe5 Qxe5 12. Nf3 Qh5 13. h3 Re8 14. Nh2 Qe5 15. Nf3 Qc7 16. Re1 b6 17. Bb5 Re6 18. Qc2 Bb7 19. Rad1 Rd8 20. Ng5 Red6 21. Nf3 Qe7 22. a3 Ne4 23. Nd2 Nf6 24. Nf3 h6 25. Qb1 Nh7 26. c4 Ng5 27. Nxg5 Qxg5 28. f4 Qg3 29. Qc2 Rg6 30. cxd5 Rxd5 31. Rxd5 Qxe1+ 32. Kh2 Bxd5 0-1

[Event "Sunny Beach op 10th"]
[Site "Sunny Beach"]
[Date "2011.08.28"]
[Round "2"]
[White "Juchelka, Petr"]
[Black "Dimitrov, Marin"]
[Result "0-1"]
[WhiteElo "1839"]
[BlackElo "2069"]
[PlyCount "58"]
[EventDate "2011.08.27"]
[EventType "swiss"]
[EventRounds "9"]
[EventCountry "BUL"]
[SourceTitle "CBM 144 Extra"]
[Source "ChessBase"]
[SourceDate "2011.10.28"]
[SourceVersion "1"]
[SourceVersionDate "2011.10.28"]
[SourceQuality "1"]

1. e4 b6 2. d4 e6 3. Nc3 Bb7 4. Bd3 Bb4 5. Nge2 c5 6. 0-0 cxd4 7. Nxd4 Nc6 8. Nf3 Bxc3 9. bxc3 d6 10. Ba3 Qc7 11. Qe2 Nf6 12. Rfe1 Nd7 13. Rad1 0-0-0 14. Bb5 Nc5 15. Nd4 Nxd4 16. Rxd4 e5 17. Qg4+ Kb8 18. Rdd1 g6 19. f3 f5 20. Qh4 g5 21. Qh6 fxe4 22. fxe4 Bxe4 23. Bd3 Bb7 24. Bf5 Rhf8 25. Qxh7 Rf7 26. Qg6 Rdf8 27. g4 Rf6 28. Qxg5 Qc6 29. Kf2 Qf3+ 0-1

[Event "Sunny Beach op 10th"]
[Site "Sunny Beach"]
[Date "2011.08.27"]
[Round "1"]
[White "Ionica, Iulia Ionela"]
[Black "Juchelka, Petr"]
[Result "1-0"]
[WhiteElo "2244"]
[BlackElo "1839"]
[PlyCount "59"]
[EventDate "2011.08.27"]
[EventType "swiss"]
[EventRounds "9"]
[EventCountry "BUL"]
[SourceTitle "CBM 144 Extra"]
[Source "ChessBase"]
[SourceDate "2011.10.28"]
[SourceVersion "1"]
[SourceVersionDate "2011.10.28"]
[SourceQuality "1"]

1. e4 e5 2. Nf3 Nf6 3. Nxe5 d6 4. Nf3 Nxe4 5. Nc3 Nxc3 6. dxc3 Be7 7. Be3 Nc6 8. Qd2 0-0 9. 0-0-0 Be6 10. Kb1 Ne5 11. Bd4 Nc4 12. Qf4 b5 13. b3 Na3+ 14. Kb2 d5 15. Qe5 Bf6 16. Qe3 Be7 17. Qe5 Bf6 18. Qg3 Bxd4 19. Nxd4 Qe7 20. Nxb5 Nxb5 21. Bxb5 a5 22. a4 Rab8 23. Rhe1 Qc5 24. Qe3 Qd6 25. Qe5 Qb6 26. f4 c6 27. Bd3 Bc8 28. f5 Ba6 29. f6 Bxd3 30. Qg5 1-0

[Event "CZE-chT2D 0910"]
[Site "Czech Republic"]
[Date "2010.01.31"]
[Round "6.8"]
[White "Juchelka, Petr"]
[Black "Mareckova, Martina"]
[Result "0-1"]
[WhiteElo "1891"]
[BlackElo "2061"]
[PlyCount "40"]
[EventDate "2009.10.18"]
[EventType "team-tourn"]
[EventRounds "11"]
[EventCountry "CZE"]
[SourceTitle "EXT 2012"]
[Source "ChessBase"]
[SourceDate "2011.11.24"]
[SourceVersion "1"]
[SourceVersionDate "2011.11.24"]
[SourceQuality "1"]
[WhiteTeam "Pardubice Bohemia"]
[BlackTeam "Rychnov nad Kneznou"]
[WhiteTeamCountry "CZE"]
[BlackTeamCountry "CZE"]

1. e4 e5 2. Nf3 Nc6 3. d4 exd4 4. Nxd4 Bc5 5. Be3 Qf6 6. c3 Nge7 7. Bc4 Ne5 8. Bb3 d6 9. 0-0 Qg6 10. f3 0-0 11. Qe2 Kh8 12. Nd2 Bb6 13. Nc4 Nxc4 14. Bxc4 f5 15. Bd3 f4 16. Bd2 c5 17. e5 Qh6 18. Bxh7 cxd4 19. Kh1 Kxh7 20. cxd4 Nc6 0-1

[Event "Kesarovski Georgiev Memorial 8th"]
[Site "Sunny Beach"]
[Date "2009.09.07"]
[Round "1"]
[White "Juchelka, Petr"]
[Black "Angelov, Angel"]
[Result "0-1"]
[WhiteElo "1891"]
[BlackElo "2236"]
[PlyCount "72"]
[EventDate "2009.09.07"]
[EventType "swiss"]
[EventRounds "9"]
[EventCountry "BUL"]
[SourceTitle "CBM 132 Extra"]
[Source "ChessBase"]
[SourceDate "2009.11.03"]
[SourceVersion "1"]
[SourceVersionDate "2009.11.03"]
[SourceQuality "1"]

1. e4 c6 2. Nf3 d5 3. exd5 cxd5 4. d4 Nf6 5. Be2 g6 6. 0-0 Bg7 7. c4 0-0 8. Nc3 dxc4 9. Bxc4 b6 10. Bg5 Bb7 11. d5 Nbd7 12. Re1 h6 13. Bf4 Ne8 14. Qd2 Nd6 15. Bb3 Kh7 16. Ne4 Nxe4 17. Rxe4 Nc5 18. Re3 Nxb3 19. Rxb3 Qxd5 20. Rd3 Qf5 21. Bg3 Rac8 22. Rd1 e5 23. Nh4 Qh5 24. Rd7 Be4 25. f3 Rc2 26. Qb4 Bc6 27. Rc7 e4 28. Qb3 Rxb2 29. Qa3 exf3 30. Nxf3 Bd5 31. Rf1 Rxa2 32. Qe7 Bxf3 33. Rxf3 Ra1+ 34. Be1 Qd5 35. h3 a5 36. Rd7 Rxe1+ 0-1